Statistics for "OLD" in Which Language ?

Click here to take the quiz!

General Stats

  • This quiz has been taken 42 times
    (39 since last reset)
  • The average score is 9 of 16

Answer Stats

OLD...in this Language% Correct
AltGerman
90%
OudDutch
83%
ViejoSpanish
83%
GammalSwedish
73%
StarýSlovak / Czech / Polish
70%
VanhaFinnish
67%
RégiHungarian
57%
VeterisLatin
57%
EskiTurkish
57%
StarSlovene / Serbian
57%
GamallIcelandic
53%
SenasLithuanian
43%
VecsLatvian
40%
OuAfrikaans
37%
VellCatalan
20%
LumaTagalog
17%

Score Distribution

Percentile by Number Answered

Percent of People with Each Score

Your Score History

You have not taken this quiz since the last reset